LIBRARY & INFORMATION CENTRE, KCAET, TAVANUR

ONLINE PUBLIC ACCESS CATALOGUE (OPAC)

Solid Statics / (Record no. 6201)

MARC details
000 -LEADER
fixed length control field 00238cam a2200109ua 4500
082 ## - DEWEY DECIMAL CLASSIFICATION NUMBER
Classification number 531.12
Item number VAZ/SO
100 ## - MAIN ENTRY--AUTHOR NAME
Personal name Vazirani, V.S .
245 ## - TITLE STATEMENT
Title Solid Statics /
300 ## - PHYSICAL DESCRIPTION
Number of Pages 550 ; .
700 1# - ADDED ENTRY--PERSONAL NAME
Personal name Ratwani, M .M .
942 ## - ADDED ENTRY ELEMENTS (KOHA)
Koha item type Books
Holdings
Withdrawn status Lost status Damaged status Home library Current library Date acquired Full call number Accession Number Koha item type
      KAUAET KAUAET 07/04/2012 531.12 VAZ/SO 11322 Books
free website counter